000
00314nam a2200133Ia 4500
008
220217s9999 xx 000 0 und d
245
0
_a
Raw rubber in bales- Sampling.
260
_c
1974
500
_a
Standard number: ISO 1795
650
_a
Bales
650
_a
Raw rubber
650
_a
Sampling
942
_c
ST
999
_c
74042
_d
74042